Ukazovateľ EVA - nástroj pre meranie a koordináciu výkonnosti procesov

Procesný kontroling. Úlohy procesného kontrolingu. Indikátory (ukazovatele) výkonnosti procesov - KPI. Nadstavbové kritérium systému indikátorov - tvorba pridanej hodnoty podniku.

Salvato in:
Dettagli Bibliografici
Autore principale: Balogová, Jarmila
Natura: Capitolo di libro
Lingua:slovacco
Soggetti:
Tags: Aggiungi Tag
Nessun Tag, puoi essere il primo ad aggiungerne!!

MARC

LEADER 00000nla$a2200000$$$4500
001 0068398
005 20240502071827.5
041 0 |a slo 
044 |a SK 
245 1 0 |a Ukazovateľ EVA - nástroj pre meranie a koordináciu výkonnosti procesov  |c Jarmila Balogová 
520 |a Procesný kontroling. Úlohy procesného kontrolingu. Indikátory (ukazovatele) výkonnosti procesov - KPI. Nadstavbové kritérium systému indikátorov - tvorba pridanej hodnoty podniku. 
610 2 0 |a riadenie podnikové 
610 2 0 |a riadenie procesné 
610 2 0 |a kontroling 
610 2 0 |a výkonnosť 
610 2 0 |a náklady 
610 2 0 |a kvalita 
610 2 0 |a čas 
610 2 0 |a hodnota pridaná ekonomická 
610 2 0 |a ukazovateľ EVA 
100 1 |a Balogová, Jarmila